[Event "FRA-ch op-B"]
[Site "Pau"]
[Date "2012.08.25"]
[Round "11"]
[White "May, Alexandre"]
[Black "Bandet, Raphael"]
[Result "1-0"]
[WhiteElo "1947"]
[BlackElo "1925"]
[PlyCount "65"]
[EventDate "2012.08.14"]
[EventType "swiss"]
[EventRounds "11"]
[EventCountry "FRA"]
[SourceTitle "EXT 2013"]
[Source "ChessBase"]
[SourceDate "2012.11.22"]
[SourceVersion "1"]
[SourceVersionDate "2012.11.22"]
[SourceQuality "1"]

1. d4 d5 2. Nf3 e6 3. c4 c5 4. cxd5 exd5 5. g3 Nc6 6. Bg2 Be6 7. 0-0 Nf6 8. Nc3 b6 9. Ne5 Nxd4 10. e3 Nf5 11. Qa4+ Bd7 12. Nxd7 Qxd7 13. Qxd7+ Nxd7 14. Nxd5 Rc8 15. b3 Bd6 16. Bb2 0-0 17. Bh3 g6 18. e4 Be5 19. Bxe5 Nxe5 20. exf5 Rcd8 21. Ne3 Rd2 22. Rfd1 Rb2 23. Rd5 Re8 24. Rxe5 Rxe5 25. Nc4 Ree2 26. Nxb2 Rxb2 27. fxg6 fxg6 28. Be6+ Kg7 29. Bc4 Kf6 30. a4 Ke5 31. Re1+ Kd4 32. Re7 a6 33. Rb7 1-0

[Event "FRA-ch U14"]
[Site "Montlucon"]
[Date "2011.04.22"]
[Round "7"]
[White "Dumas, Charles"]
[Black "May, Alexandre"]
[Result "1-0"]
[WhiteElo "1806"]
[BlackElo "1819"]
[PlyCount "57"]
[EventDate "2011.04.17"]
[EventType "swiss"]
[EventRounds "9"]
[EventCountry "FRA"]
[SourceTitle "CBM 142 Extra"]
[Source "ChessBase"]
[SourceDate "2011.06.27"]
[SourceVersion "1"]
[SourceVersionDate "2011.06.27"]
[SourceQuality "1"]

1. e4 e6 2. d4 d5 3. Nd2 Nf6 4. e5 Nfd7 5. Ngf3 c5 6. c3 Nc6 7. Bd3 f6 8. exf6 Nxf6 9. 0-0 cxd4 10. cxd4 Bd6 11. Re1 0-0 12. Nb3 Qc7 13. Qe2 b6 14. a3 Bd7 15. Ne5 Rae8 16. Bd2 Qb8 17. g4 Nxe5 18. dxe5 Nxg4 19. Qxg4 Bxe5 20. Bxh7+ Kxh7 21. Qh5+ Kg8 22. Qxe5 Qb7 23. Nd4 Bc8 24. Rac1 Qf7 25. Be3 Qg6+ 26. Kh1 Qf6 27. Qxf6 gxf6 28. Rg1+ Kf7 29. Bh6 1-0

[Event "Rohde op 09th"]
[Site "Sautron"]
[Date "2009.10.26"]
[Round "3"]
[White "Murie, Eric"]
[Black "May, Alexandre"]
[Result "1/2-1/2"]
[WhiteElo "2083"]
[BlackElo "1748"]
[PlyCount "51"]
[EventDate "2009.10.24"]
[EventType "swiss"]
[EventRounds "9"]
[EventCountry "FRA"]
[SourceTitle "EXT 2010"]
[Source "ChessBase"]
[SourceDate "2010.11.25"]
[SourceVersion "1"]
[SourceVersionDate "2010.11.25"]
[SourceQuality "1"]

1. e4 e6 2. d4 d5 3. e5 c5 4. c3 Nc6 5. Nf3 Qb6 6. a3 Nh6 7. b4 cxd4 8. cxd4 Nf5 9. Bb2 Be7 10. Bd3 a5 11. Bxf5 exf5 12. Nc3 Be6 13. b5 a4 14. Rb1 Na5 15. Qxa4 0-0 16. Ra1 Rfc8 17. 0-0 Nc4 18. Qb3 Qa5 19. Nb1 Nxb2 20. Qxb2 Rc7 21. Nbd2 Rac8 22. Rfc1 Rxc1+ 23. Rxc1 Rxc1+ 24. Qxc1 Qxb5 25. Ne1 Qa5 26. Nb1 1/2-1/2

[Event "FRA-ch U12"]
[Site "Aix les Bains"]
[Date "2009.04.26"]
[Round "9"]
[White "May, Alexandre"]
[Black "Bole, Oscar"]
[Result "1-0"]
[WhiteElo "1732"]
[BlackElo "1640"]
[PlyCount "87"]
[EventDate "2009.04.19"]
[EventType "swiss"]
[EventRounds "9"]
[EventCountry "FRA"]
[SourceTitle "CBM 130 Extra"]
[Source "ChessBase"]
[SourceDate "2009.07.02"]
[SourceVersion "2"]
[SourceVersionDate "2009.07.15"]
[SourceQuality "1"]

1. d4 d5 2. Nf3 Nf6 3. c4 e6 4. Nc3 Be7 5. Bg5 0-0 6. Qc2 h6 7. Bh4 b6 8. Bxf6 Bxf6 9. e4 Bb7 10. cxd5 exd5 11. e5 Be7 12. Bd3 Nd7 13. 0-0 c5 14. Rfe1 Rc8 15. Qd2 a6 16. Bf5 Rc7 17. Ne2 Bc8 18. Bc2 Re8 19. Qd3 Nf8 20. Nd2 Bg4 21. Rac1 c4 22. Qg3 Bxe2 23. Rxe2 Ne6 24. Nf3 Bg5 25. Rd1 f6 26. Nxg5 Nxg5 27. f4 Nf7 28. Bg6 Ree7 29. Rde1 fxe5 30. fxe5 Ng5 31. Rf1 Qd7 32. Ref2 Rc8 33. Qf4 Ne6 34. Qf5 Qd8 35. Bf7+ Kh8 36. Bxe6 Rc6 37. Qf8+ Qxf8 38. Rxf8+ Kh7 39. Bxd5 Rcc7 40. Be4+ g6 41. Bd5 h5 42. h4 Kg7 43. Rg8+ Kh7 44. Rff8 1-0

[Event "FRA-chT U20 0506"]
[Site "France"]
[Date "2005.11.13"]
[Round "2.10"]
[White "May, Alexandre"]
[Black "Messinger, Karl"]
[Result "0-1"]
[WhiteElo "1120"]
[BlackElo "1009"]
[PlyCount "104"]
[EventDate "2005.11.12"]
[EventType "team"]
[EventRounds "3"]
[EventCountry "FRA"]
[SourceTitle "CBM 109 Extra"]
[Source "ChessBase"]
[SourceDate "2006.01.03"]
[SourceVersion "2"]
[SourceVersionDate "2006.01.03"]
[SourceQuality "1"]

1. e4 c5 2. d4 cxd4 3. Qxd4 Nc6 4. Qa4 g6 5. Nc3 Bg7 6. Nf3 d6 7. Bc4 Nf6 8. Bg5 0-0 9. 0-0-0 Bd7 10. Bd3 Ne5 11. Qd4 Nxd3+ 12. Qxd3 Qc7 13. e5 Ng4 14. Qe2 Nxe5 15. Nxe5 Bxe5 16. Bh6 Rfe8 17. Nd5 Qc6 18. f4 Bf6 19. Nxf6+ exf6 20. Qd3 Bf5 21. Qd2 Rac8 22. c3 Rcd8 23. Rhe1 Rxe1 24. Rxe1 Be6 25. a3 Qd5 26. Qxd5 Bxd5 27. Re2 Bc6 28. g3 d5 29. Rd2 Re8 30. Rd1 a6 31. b4 Re3 32. Kb2 Re2+ 33. Kc1 Rxh2 34. c4 Rxh6 35. cxd5 Bd7 36. Kc2 Kf8 37. Kc3 Ke7 38. Kc4 Kd6 39. Ra1 g5 40. f5 Bxf5 41. a4 Rh3 42. b5 Rxg3 43. bxa6 bxa6 44. Rb1 Bxb1 45. Kb4 Rd3 46. Ka5 Rxd5+ 47. Kxa6 g4 48. Kb6 g3 49. a5 g2 50. a6 g1Q+ 51. Kb7 Rb5+ 52. Kc8 Qg8# 0-1

[Event "FRA-chT U20 0506"]
[Site "France"]
[Date "2005.11.13"]
[Round "3.9"]
[White "Moncomble, Jeremy"]
[Black "May, Alexandre"]
[Result "1/2-1/2"]
[WhiteElo "1280"]
[BlackElo "1120"]
[PlyCount "125"]
[EventDate "2005.11.12"]
[EventType "team"]
[EventRounds "3"]
[EventCountry "FRA"]
[SourceTitle "CBM 109 Extra"]
[Source "ChessBase"]
[SourceDate "2006.01.03"]
[SourceVersion "2"]
[SourceVersionDate "2006.01.03"]
[SourceQuality "1"]

1. e4 d5 2. exd5 Qxd5 3. Nc3 Qa5 4. d4 Nf6 5. Nf3 Nc6 6. Bc4 Bg4 7. h3 Bh5 8. 0-0 0-0-0 9. a3 Nxd4 10. b4 Nxf3+ 11. gxf3 Rxd1 12. Rxd1 Qb6 13. Na4 Qc6 14. Nb2 Qxf3 15. Bg5 Qxh3 16. f4 Bxd1 17. Rxd1 h6 18. Bxf6 gxf6 19. Bxf7 Bg7 20. Re1 Qg3+ 21. Kf1 Qxf4+ 22. Ke2 f5 23. Nd3 Qh4 24. Kd1 Bc3 25. Re3 f4 26. Rf3 Qh1+ 27. Ke2 Qh2+ 28. Rf2 Qxf2+ 29. Kxf2 h5 30. Kg2 h4 31. Kh3 e5 32. Nf2 Rf8 33. Be6+ Kd8 34. Ne4 Ke7 35. Bc4 Ba1 36. Kxh4 f3 37. Kg3 Bb2 38. a4 Rf4 39. Nd2 f2 40. Kg2 f1Q+ 41. Nxf1 Rxc4 42. Ne3 Rxb4 43. Nd5+ Kd6 44. Nxb4 Kc5 45. Nd3+ Kd4 46. Nxb2 e4 47. Kf2 e3+ 48. Ke2 a6 49. a5 b5 50. axb6 cxb6 51. Nd1 a5 52. Nxe3 b5 53. Nd1 a4 54. c3+ Kc4 55. Kd2 a3 56. Kc2 b4 57. cxb4 Kxb4 58. Kb1 Kb3 59. Ka1 Ka4 60. Nb2+ Kb3 61. Nd1 a2 62. Nc3 Kxc3 63. Kxa2 1/2-1/2